000 00340nam a2200145 a 4500
005 20140414093831.0
008 030619s19uu xx 00 eng d
050 _aCDR 004.5
_bPC n.d.
100 _aSymantec
245 _aPCAnywhere. Volume 10 /
_cSymantec.
520 _aCD-ROM
650 _aCD-ROM.
942 _cAVM
999 _c108734
_d108734